On the banks of Plum Creek / (Record no. 8057)
[ view plain ]
| 000 -LEADER | |
|---|---|
| fixed length control field | 01607cam a2200397 a 4500 |
| 001 - CONTROL NUMBER | |
| control field | 11926456 |
| 003 - CONTROL NUMBER IDENTIFIER | |
| control field | OSt |
| 005 - DATE AND TIME OF LATEST TRANSACTION | |
| control field | 20140310182006.0 |
| 008 - FIXED-LENGTH DATA ELEMENTS--GENERAL INFORMATION | |
| fixed length control field | 000301s1971 nyua c 000 1 eng |
| 010 ## - LIBRARY OF CONGRESS CONTROL NUMBER | |
| LC control number | 00265370 |
| 020 ## - INTERNATIONAL STANDARD BOOK NUMBER | |
| International Standard Book Number | 0064400042 (pbk.) |
| 040 ## - CATALOGING SOURCE | |
| Original cataloging agency | DLC |
| Transcribing agency | DLC |
| Modifying agency | DLC |
| 042 ## - AUTHENTICATION CODE | |
| Authentication code | lcac |
| 050 00 - LIBRARY OF CONGRESS CALL NUMBER | |
| Classification number | PZ 7 |
| Item number | .W673o 1981 |
| 082 00 - DEWEY DECIMAL CLASSIFICATION NUMBER | |
| Classification number | KF |
| Item number | W64o 1981 |
| 100 1# - MAIN ENTRY--PERSONAL NAME | |
| Personal name | Wilder, Laura Ingalls, |
| Dates associated with a name | 1867-1957. |
| 9 (RLIN) | 5486 |
| 245 10 - TITLE STATEMENT | |
| Title | On the banks of Plum Creek / |
| Statement of responsibility, etc | Laura Ingalls Wilder ; illustrated by Garth Williams. |
| 250 ## - EDITION STATEMENT | |
| Edition statement | 1st HarperTrophy ed. |
| 260 ## - PUBLICATION, DISTRIBUTION, ETC. (IMPRINT) | |
| Place of publication, distribution, etc | New York : |
| Name of publisher, distributor, etc | HarperTrophy, |
| Date of publication, distribution, etc | 1981. |
| 300 ## - PHYSICAL DESCRIPTION | |
| Extent | 339 p. ; |
| Other physical details | ill. ; |
| Dimensions | 20 cm. |
| 440 #0 - SERIES STATEMENT/ADDED ENTRY--TITLE | |
| Title | Little house |
| 9 (RLIN) | 5487 |
| 520 ## - SUMMARY, ETC. | |
| Summary, etc | Laura and her family move to Minnesota where they live in a dugout until a new house is built and face misfortunes caused by flood, blizzard, and grasshoppers. |
| 541 ## - IMMEDIATE SOURCE OF ACQUISITION NOTE | |
| -- | 1 |
| 562 ## - COPY AND VERSION IDENTIFICATION NOTE | |
| Number of copies | For circulation. 1 copy available in the collection |
| 586 ## - AWARDS NOTE | |
| Awards note | Newbery Honor Book, 1938. |
| 600 10 - SUBJECT ADDED ENTRY--PERSONAL NAME | |
| Personal name | Wilder, Laura Ingalls, |
| Dates associated with a name | 1867-1957 |
| Form subdivision | Juvenile fiction. |
| 9 (RLIN) | 5488 |
| 600 11 - SUBJECT ADDED ENTRY--PERSONAL NAME | |
| Personal name | Wilder, Laura Ingalls, |
| Dates associated with a name | 1867-1957 |
| Form subdivision | Fiction. |
| 9 (RLIN) | 5489 |
| 650 #1 - SUBJECT ADDED ENTRY--TOPICAL TERM | |
| Topical term or geographic name as entry element | Frontier and pioneer life |
| Geographic subdivision | Minnesota |
| Form subdivision | Fiction. |
| 9 (RLIN) | 5490 |
| 650 #1 - SUBJECT ADDED ENTRY--TOPICAL TERM | |
| Topical term or geographic name as entry element | Family life |
| Geographic subdivision | Minnesota |
| Form subdivision | Fiction. |
| 9 (RLIN) | 5491 |
| 651 #1 - SUBJECT ADDED ENTRY--GEOGRAPHIC NAME | |
| Geographic name | Minnesota |
| Form subdivision | Fiction. |
| 9 (RLIN) | 5492 |
| 700 1# - ADDED ENTRY--PERSONAL NAME | |
| Personal name | Williams, Garth, |
| Relator term | ill. |
| 9 (RLIN) | 5493 |
| 856 42 - ELECTRONIC LOCATION AND ACCESS | |
| Materials specified | Publisher description |
| Uniform Resource Identifier | <a href="http://www.loc.gov/catdir/description/hc043/00265370.html">http://www.loc.gov/catdir/description/hc043/00265370.html</a> |
| 906 ## - LOCAL DATA ELEMENT F, LDF (RLIN) | |
| a | 7 |
| b | cbc |
| c | origcop |
| d | 2 |
| e | ncip |
| f | 20 |
| g | y-gencatlg |
| 942 ## - ADDED ENTRY ELEMENTS (KOHA) | |
| Source of classification or shelving scheme | Library of Congress Classification |
| Koha item type | |
| Call number prefix | |
| Withdrawn status | Lost status | Source of classification or shelving scheme | Damaged status | Home library | Current library | Shelving location | Date acquired | Total Checkouts | Full call number | Barcode | Date last seen | Copy number | Price effective from | Koha item type |
|---|---|---|---|---|---|---|---|---|---|---|---|---|---|---|
| Library of Congress Classification | Luxembourg Library | Luxembourg Library | Kids Fiction Section | 07/29/2013 | PZ 7 .W673o 1981 | 4098 | 08/13/2013 | 1 | 10/03/2013 | Books |